000 00401 a2200169 4500
001 73468
020 _a9788537701737
040 _cAnchieta - Colégio São Paulo
100 _aMoore, Sophia
240 1 0 _aA new way of english
_lpor
245 1 0 _aA new way of english
300 _a400
362 0 _a2007
440 1 _aEscala Educacional
650 4 _aGramáticas de língua inglesa
942 _cBK
999 _c73468
_d73468